000 00753cam a2200217 4500
001 ABS61334
008 000000n1999 000 0 eng u
035 _a(Sirsi) u100891
100 _aHollis, M.
245 _aLevels of inspection - part 1
260 _c1999
490 _aThe Valuer
_v68(5) September/October 1999, 6-7(2)
520 _aThe first of two articles which considers the extent of an inspection. Sets out a partial checklist for preparing a Homebuyer Survey and Valuation report. Part 2 ABS61501.
590 _aABS
650 _aRICS HOMEBUYER SURVEY AND VALUATION
650 _aCROSS V MARTIN AND MORTIMER
650 _aINSPECTIONS
650 _aINSTRUCTIONS
690 _aBUILT ENVIRONMENT-BUILDING INSPECTION
942 _n0
999 _c60251
_d60251